000
00285nam a22001337a 4500
008
181016b xxu||||| |||| 00| 0 eng d
020
_a
9780495553380
041
_a
eng
080
_2
11th
_a
159.9
100
_a
48
101
_a
PSI
245
_a
Psychology
_c
Coon,D
942
_2
udc
_c
BK
999
_c
49868
_d
49868